Vainqueurs en Coupe du Monde de cyclocross 2022-2023 (hommes) - Statistiques

Statistiques générales
  • Ce quiz a été pris 76 fois
    67 depuis la dernière actualisation
  • Le résultat moyen est 9 sur 14
Statistiques - réponses
Hint Réponse % Correct
Waterloo (USA) Eli Iserbyt
84%
Zonhoven (BEL) Wout Van Aert
84%
Benidorm (ESP) Mathieu Van der Poel
81%
Fayetteville (USA) Eli Iserbyt
78%
Besançon (FRA) Mathieu Van der Poel
76%
Hulst (NLD) Mathieu Van der Poel
74%
Gavere (BEL) Mathieu Van der Poel
74%
Tabor (CZE) Eli Iserbyt
71%
Antwerpen (BEL) Mathieu Van der Poel
69%
Dublin (IRL) Wout Van Aert
69%
Maasmechelen (BEL) Laurens Sweeck
55%
Beekse Bergen (NLD) Laurens Sweeck
47%
Val Di Sole (ITA) Michael Vanthourenhout
36%
Overijse (BEL) Michael Vanthourenhout
34%
Aucun quiz correspondant
Distribution des résultats
% des personnes avec chaque résultat
Percentile par nombre de réponses
Votre historique - résultats
Vous n’avez pas pris ce quiz depuis la dernière actualisation